| 000 | 00581pab a2200205 454500 | ||
|---|---|---|---|
| 008 | 180718b2012 xxu||||| |||| 00| 0 eng d | ||
| 100 | _aDrago, Francesco | ||
| 245 | _aIndirect effects of a policy altering criminal behaviour: Evidence from the Italian prison experiment | ||
| 260 | _c2012 | ||
| 300 | _ap.199-218. | ||
| 362 | _aApr | ||
| 650 | _aCrime - Italy | ||
| 650 | _aPrisoners - Italy | ||
| 650 | _aCriminals - Italy | ||
| 650 | _aCrime | ||
| 700 | _aGalbiati, Roberto | ||
| 773 | _aAmerican Economic Journal: Applied Economics | ||
| 908 | _aN | ||
| 909 | _a96290 | ||
| 999 |
_c96290 _d96290 |
||